期刊信息 |
| 索取号 |
D/GGZH
|
| 题名 |
改革纵横
|
| 作者 |
湖北省经济体制改革委员会
|
| 分册号 |
|
| 分册名 |
|
| 出版地 |
武汉
|
| 出版者 |
改革纵横杂志 社
|
| 标准刊号 |
1007-2195
|
| 出版频率 |
月刊
|
| 中图法分类 |
D
|
| 主题词 |
政治
|
| 电子资源 | |
| |
|
| 000 | 00587nas0 2200193 45 | |
| 001 | 0763953927 | |
| 005 | 2007091717455392 | |
| 011 | @a1007-2195@d¥18.00 | |
| 091 | @aCN42-1296 | |
| 100 | @a20070917d km y0chiy0120 ea | |
| 101 | 0 | @achi |
| 200 | 1 | @a改革纵横@AGai Ge Zong Heng@f湖北省经济体制改革委员会@FHu Bei Sheng Jing Ji Ti Zhi Gai Ge Wei Yuan Hui |
| 210 | @a武汉@c改革纵横杂志 社 | |
| 326 | @a月刊 | |
| 606 | 0 | @a政治 |
| 690 | @aD@v4 | |
| 701 | 0 | @a湖北省经济体制改革委员会@AHu Bei Sheng Jing Ji Ti Zhi Gai Ge Wei Yuan Hui |
| 801 | 0 | @aCN@bPFT@c20070917 |
| 905 | @a213230@dD@eGGZH | |
| 改革纵横/湖北省经济体制改革委员会.-武汉:改革纵横杂志 社 |
| ISSN 1007-2195:¥18.00 |
| ● |
| 相关链接: |
|
|
|
|